Religious Locations (Multiple Choice) - Statistics

General Stats
  • This quiz has been taken 24 times
  • The average score is 5 of 15
Answer Stats
Question Answer % Correct
Which Canadian city contains the country's largest church? Montreal
100%
Which of these sites has been labelled as the fourth holiest place in Islam? Great Mosque of Kairouan
67%
Which of these cathedrals was built around a mosque? Seville Cathedral
67%
A Great Synagogue is located in which Australian city? Sydney
67%
Templo Mayor, the main temple of the Aztecs, was dedicated to which two gods? The god of war and the god of rain and agriculture
67%
In addition to the pharaoh herself, which god is the Mortuary Temple of Hatshepsut dedicated to? Amun
33%
The three Roman temples in present-day Baalbek, Lebanon, were dedicated to Jupiter, Venus and which other god? Bacchus
33%
The ziggurat Chogha Zanbil was built by which civilisaton? Elamites
33%
Out of these three countries, which contains the tallest church building? Estonia
33%
Which of these buildings was completed first? Imperial Mosque (Pristina)
0%
The largest Buddhist temple (single temple rather than a temple complex) is located in which country? Indonesia
0%
What process is carried out on the Ise Grand Shrine, an important Shinto shrine, every twenty years? It is rebuilt
0%
The oldest church of the continental United States is located in which state? New Mexico
0%
Cusco Cathedral sits on foundations built by the Incas. Which type of building originally sat on those foundations? Palace
0%
Which of these cities doesn't have a functioning Zoroastrian fire temple? Samarkand
0%
No matching quizzes found
Score Distribution
Percent of People with Each Score
Percentile by Number Answered
Your Score History
You have not taken this quiz